Premier League Clubs - Sudden Death - Statistics

General Stats
  • This quiz has been taken 95 times
  • The average score is 10 of 18
Answers on the Grid
Answers color-coded by a green-red scale on the quiz's grid according to % correct below.
Millwall
Watford
Middlesbrough
Wrexham
Notts County
Leyton Orient
Bradford City
Tranmere Rovers
Oldham Athletic
Charlton Athletic
Oxford City
Coventry City
Plymouth Argyle
Bristol City
Preston
Wigan
Cardiff City
Bristol Rovers
Blackpool
QPR
Reading
Barnsley
Port Vale
Hull City
Portsmouth
Birmingham City
Sheffield Wednesday
MK Dons
Swindon Town
Bolton Wanderers
 
Answer Stats
Answer % Correct
Watford
72%
QPR
68%
Portsmouth
63%
Sheffield Wednesday
63%
Hull City
62%
Bolton Wanderers
58%
Middlesbrough
58%
Blackpool
57%
Cardiff City
57%
Reading
57%
Wigan
57%
Birmingham City
52%
Charlton Athletic
52%
Coventry City
50%
Barnsley
40%
Bradford City
40%
Oldham Athletic
40%
Swindon Town
37%
No matching quizzes found
Score Distribution
Percent of People with Each Score
Percentile by Number Answered
Your Score History
You have not taken this quiz